000
00307nam a22001337a 4500
082
_a
894.812
_b
BHA/S
100
_a
BHASKARANUNNI, P
245
_a
SAHITHYATHILE NERIYUM NERIKEDUM
260
_a
PRABHATH BOOK HOUSE
_b
P.BHASKARANUNNI
_c
1997
300
_a
155
520
_a
NOVEL
650
_a
NOVEL
942
_c
BK
999
_c
5494
_d
5494